Women at work; (Record no. 36140)

MARC details
000 -LEADER
fixed length control field 01056cam a22002531 4500
001 - CONTROL NUMBER
control field l 34000104
003 - CONTROL NUMBER IDENTIFIER
control field DLC
005 - DATE AND TIME OF LATEST TRANSACTION
control field 20260227111534.0
008 - FIXED-LENGTH DATA ELEMENTS--GENERAL INFORMATION
fixed length control field 800521s1934 dcua f000 0 eng c
010 ## - LIBRARY OF CONGRESS CONTROL NUMBER
LC control number l 34000104
035 ## - SYSTEM CONTROL NUMBER
System control number (OCoLC)6342895
040 ## - CATALOGING SOURCE
Original cataloging agency Library, U.S. Dept. of Labor
Transcribing agency OCl
Modifying agency OCoLC
-- DLC
042 ## - AUTHENTICATION CODE
Authentication code premarc
050 00 - LIBRARY OF CONGRESS CALL NUMBER
Classification number HD6093
Item number .A35 no. 115
110 1# - MAIN ENTRY--CORPORATE NAME
Corporate name or jurisdiction name as entry element United States.
Subordinate unit Women's Bureau.
245 10 - TITLE STATEMENT
Title Women at work;
Remainder of title a century of industrial change ...
Statement of responsibility, etc. United States Department of Labor. Women's Bureau.
260 ## - PUBLICATION, DISTRIBUTION, ETC.
Place of publication, distribution, etc. Washington,
Name of publisher, distributor, etc. U.S. Govt. print. off.,
Date of publication, distribution, etc. 1934.
300 ## - PHYSICAL DESCRIPTION
Extent iii, 60 p.
Other physical details illus.
Dimensions 18 cm.
490 1# - SERIES STATEMENT
Series statement Its Bulletin
Volume/sequential designation no. 115
500 ## - GENERAL NOTE
General note "Written for distribution at the Century of progress, Chicago, in 1933, by Eleanor Nelson ... For the 1934 continuation of the Century of progress, Miss Nelson has added a chapter on women and the N.R.A."--p. ii.
650 #0 - SUBJECT ADDED ENTRY--TOPICAL TERM
Topical term or geographic name entry element Women
General subdivision Employment
Geographic subdivision United States.
700 1# - ADDED ENTRY--PERSONAL NAME
Personal name Nelson, Eleanor,
Dates associated with a name 1906-
810 1# - SERIES ADDED ENTRY--CORPORATE NAME
Corporate name or jurisdiction name as entry element United States.
Subordinate unit Women's Bureau.
Title of a work Bulletin
Volume/sequential designation no. 115.

No items available.

Powered by Koha